Direct energy conversion
Shranjeno v:
| Glavni avtor: | |
|---|---|
| Format: | Knjiga |
| Jezik: | English |
| Izdano: |
Boston : Allyn and Bacon,
c1976.
|
| Serija: | Allyn and Bacon series in mechanical engineering and applied mechanics.
|
| Oznake: |
Označite
Brez oznak, prvi označite!
|
MARC
| LEADER | 00000nam a2200000Ia 4500 | ||
|---|---|---|---|
| 003 | 000569 | ||
| 005 | 20221231143941.0 | ||
| 008 | 140114s1965 nyua 000 ||eng d | ||
| 040 | |c cru CEDI | ||
| 082 | |a 621.312.4 A593d | ||
| 100 | |a Angrist, Stanley W. |9 19486 | ||
| 245 | |a Direct energy conversion | ||
| 260 | |a Boston : Allyn and Bacon, |c c1976. | ||
| 300 | |a xi, 431 páginas; ilustraciones | ||
| 440 | |a Allyn and Bacon series in mechanical engineering and applied mechanics. |9 19487 | ||
| 942 | |2 ddc |c BK | ||
| 999 | |c 14682 |d 14682 | ||
